=LDR 00000nam 2200000 4500 =001 INLIS000000000020026 =005 20130612115025 =008 ***********************************Ind** =035 ##$$0010-061300000020026 =041 ##$$a Ind =082 ##$$a 808.87 =090 ##$$a 808.87, Dia k =100 ##$$a Dianawati, Ajen =245 ##$$a Kumpulan humor Mbeling ala Kyai, oleh Ajen Dianawati =260 ##$$a 2005 $b Jakarta =300 ##$$a vi, 80 hlm, 18 cm =650 ##$$a Humor =850 ##$$a NBPNMAT